LEADER 02351nam 22005774a 450 001 9910457146903321 005 20200520144314.0 010 $a1-282-44234-1 010 $a9786612442346 010 $a981-283-557-1 035 $a(CKB)2550000000000606 035 $a(EBL)477268 035 $a(OCoLC)557513691 035 $a(SSID)ssj0000336196 035 $a(PQKBManifestationID)12084162 035 $a(PQKBTitleCode)TC0000336196 035 $a(PQKBWorkID)10282853 035 $a(PQKB)11500322 035 $a(MiAaPQ)EBC477268 035 $a(WSP)00007052 035 $a(Au-PeEL)EBL477268 035 $a(CaPaEBR)ebr10361839 035 $a(EXLCZ)992550000000000606 100 $a20080726g20089999 uy 0 101 0 $aeng 135 $aur|n|---||||| 181 $ctxt 182 $cc 183 $acr 200 10$aContinuum thermodynamics$b[electronic resource] /$fby Krzysztof Wilmanski 210 $aHackensack, N.J. $cWorld Scientific$d2008- 215 $a1 online resource (416 p.) 225 1 $aSeries on advances in mathematics for applied sciences ;$vv. 77 300 $aDescription based upon print version of record. 311 $a981-283-556-3 320 $aIncludes bibliographical references (v. 1, p. 373-395) and index. 327 $apt. 1. Foundation --. 330 $aThis book is a unique presentation of thermodynamic methods of construction of continuous models. It is based on a uniform approach following from the entropy inequality and using Lagrange multipliers as auxiliary quantities in its evaluation. It covers a wide range of models - ideal gases, thermoviscoelastic fluids, thermoelastic and thermoviscoelastic solids, plastic polycrystals, miscible and immiscible mixtures, and many others. The structure of phenomenological thermodynamics is justified by a systematic derivation from the Liouville equation, through the BBGKY-hierarchy-derived Boltzmann 410 0$aSeries on advances in mathematics for applied sciences ;$vv. 77. 606 $aThermodynamics 608 $aElectronic books. 615 0$aThermodynamics. 676 $a536/.7 700 $aWilman?ski$b Krzysztof$031903 801 0$bMiAaPQ 801 1$bMiAaPQ 801 2$bMiAaPQ 906 $aBOOK 912 $a9910457146903321 996 $aContinuum thermodynamics$92257724 997 $aUNINA LEADER 02828nam 2200613 450 001 996466481803316 005 20220908222330.0 010 $a3-540-38817-6 024 7 $a10.1007/BFb0075930 035 $a(CKB)1000000000437606 035 $a(SSID)ssj0000321286 035 $a(PQKBManifestationID)12115895 035 $a(PQKBTitleCode)TC0000321286 035 $a(PQKBWorkID)10262865 035 $a(PQKB)10680823 035 $a(DE-He213)978-3-540-38817-3 035 $a(MiAaPQ)EBC5596149 035 $a(Au-PeEL)EBL5596149 035 $a(OCoLC)1076230816 035 $a(MiAaPQ)EBC6841980 035 $a(Au-PeEL)EBL6841980 035 $a(OCoLC)793078956 035 $a(PPN)155229648 035 $a(EXLCZ)991000000000437606 100 $a20220908d1986 uy 0 101 0 $aeng 135 $aurnn|008mamaa 181 $ctxt 182 $cc 183 $acr 200 00$aAnalytic theory of continued fractions II $eproceedings of a seminar-workshop held in Pitlochry and Aviemore, Scotland, June 13-29, 1985 /$fedited by Wolfgang J. Thron 205 $a1st ed. 1986. 210 1$aBerlin, Germany ;$aNew York, New York :$cSpringer-Verlag,$d[1986] 210 4$d©1986 215 $a1 online resource (VI, 299 p.) 225 1 $aLecture Notes in Mathematics,$x0075-8434 ;$v1199 300 $aBibliographic Level Mode of Issuance: Monograph 311 $a3-662-13595-7 311 $a3-540-16768-4 327 $aA family of best value regions for modified continued fractions -- On M-tables associated with strong moment problems -- A strategy for numerical computation of limits regions -- On the convergence of limit periodic continued fractions K(an/1), where an??1/4. Part II -- A theorem on simple convergence regions for continued fractions K(an/1) -- Further results on the computation of incomplete gamma functions -- Oval convergence regions and circular limit regions for continued fractions K(an/1) -- Schur fractions, Perron-Carathéodory fractions and Szegö polynomials, a survey -- Equimodular limit periodic continued fractions -- Continued fraction applications to zero location -- A multi-point padé approximation problem -- ?-fractions and strong moment problems -- On the convergence of a certain class of continued fractions K(an/1) with an?? -- A note on partial derivatives of continued fractions. 410 0$aLecture Notes in Mathematics,$x0075-8434 ;$v1199 606 $aContinued fractions 606 $aNumerical analysis 615 0$aContinued fractions. 615 0$aNumerical analysis. 676 $a515.243 702 $aThron$b Wolfgang J. 801 0$bMiAaPQ 801 1$bMiAaPQ 801 2$bMiAaPQ 906 $aBOOK 912 $a996466481803316 996 $aAnalytic theory of continued fractions II$9262538 997 $aUNISA